Whatever happened to the Islamists? Salafis, heavy metal Muslims and the lure of consumerist Islam (Registro nro. 40446)
[ vista simple ]
| 000 -ENCABEZADO | |
|---|---|
| Número de control [NR] | 01737nam a2200241Ia 4500 |
| 008 - DE LONGITUD FIJA DE DATOS DE ELEMENTOS - INFORMACIÓN GENERAL | |
| Elementos de longitud fija [NR] | 130821s2012 xxu gr eng |
| 020 ## - NUMERO INTERNACIONAL NORMALIZADO PARA LIBROS [R] | |
| Número Internacional Normalizado del libro [NR] | 9780231154260 |
| 040 ## - FUENTE DE CATALOGACION [NR] | |
| Agencia de catalogación original [NR] | Co-BoUCM |
| Idioma de catalogación [NR] | spa |
| 041 00 - CODIGO DE IDIOMA [R] | |
| Código de idioma para texto/pista de sonido o título separado [R] | Inglés |
| 245 00 - MENCION DE TITULO [NR] | |
| Título [NR] | Whatever happened to the Islamists? Salafis, heavy metal Muslims and the lure of consumerist Islam |
| Mención de responsabilidad, etc. [NR] | Olivier Roy, Amel Boubekeur, editores |
| 260 ## - PUBLICACION, DISTRIBUCION, ETC. (PIE DE IMPRENTA) [R] | |
| Lugar de publicación, distribución, etc. [R] | Nueva York (Estados Unidos) |
| Nombre del editor, distribuidor, etc. [R] | Columbia Universtiy Press |
| Fecha de publicación, distribución, etc. [R] | 2012 |
| 300 ## - DESCRIPCION FISICA [R] | |
| Extensión [R] | ix, 333 páginas |
| 504 ## - NOTA DE BIBLIOGRAFIA, ETC. [R] | |
| Nota de bibliografía, etc. [NR] | |
| 505 0# - NOTA DE CONTENIDO CON FORMATO PREESTABLECIDO [R] | |
| Nota de contenido con formato preestablecido [NR] | What have old Islamist ideas become? is 'Islamism' a neo-Orientalist plot? / Olivier Roy -- The problem of the political in Islamist movements / Roel Meijer -- Turkey: between post-Islamism and post-Kemalism / Jean Marcou -- The new trend of the Muslim Brotherhood in Egypt / Mohamed Mosaad Abdel Aziz -- New Islamist Landscapes. Reinventing political Islam: the disengagement of European Islamists / Amel Boubekeur -- Political Islam in West Africa from the 1980s to the present / Muriel Gomez -- The 'other' political Islam: understanding Salafi politics / Martin de Koning -- From Revolution to pop music. Veiled artists in Egypt / Valentina Frate -- Heavy metal Muslims: the rise of a post-Islamist public sphere / Mark Levine -- Beyond Islamism at work: corporate Islam in Malaysia -- / Patricia Sloane-White -- Postface / Fre**de**ric volpi. |
| 650 04 - ASIENTO SECUNDARIO DE MATERIA - TERMINO TEMATICO [R] | |
| Término temático o nombre geográfico como elemento de entrada [NR] | Ciencia política |
| 9 (RLIN) | 340 |
| 650 04 - ASIENTO SECUNDARIO DE MATERIA - TERMINO TEMATICO [R] | |
| Término temático o nombre geográfico como elemento de entrada [NR] | Islam y política |
| 9 (RLIN) | 128772 |
| 650 04 - ASIENTO SECUNDARIO DE MATERIA - TERMINO TEMATICO [R] | |
| Término temático o nombre geográfico como elemento de entrada [NR] | Islam y secularismo |
| 9 (RLIN) | 160645 |
| 650 04 - ASIENTO SECUNDARIO DE MATERIA - TERMINO TEMATICO [R] | |
| Término temático o nombre geográfico como elemento de entrada [NR] | Islamismo |
| Subdivisión general [R] | Aspectos políticos |
| 9 (RLIN) | 18035 |
| 700 1# - ASIENTO SECUNDARIO - NOMBRE PERSONAL [R] | |
| Nombre personal [NR] | Boubekeur, Amel |
| Término de relación [R] | editor |
| 9 (RLIN) | 160646 |
| 700 1# - ASIENTO SECUNDARIO - NOMBRE PERSONAL [R] | |
| Nombre personal [NR] | Roy, Olivier |
| Término de relación [R] | editor |
| 9 (RLIN) | 160647 |
| 942 ## - ELEMENTOS DE ENTRADA AGREGADOS (KOHA) | |
| Tipo de ítem principal el descrito en 300a | Libro |
| Tema principal | Ciencia política |
| Edición | 1 |
| Parte restante de la signatura top. | W555 |
| Sistema de clasificación | DEWEY |
| Clasificación | 320.557 |
| Fecha de último préstamo | Total préstamos | Total Renewals | Signatura topográfica | Código de barras | Última vez visto | Ejemplar | Price effective from | Tipo de ítem | Perdido | Sistema de clasificación | Dañado | No prestable | Tipo de ítem específico | Suprimido | Ubicación habitual | Ubicación actual | Localización | Fecha de creación | Forma de adquisición | Costo |
|---|---|---|---|---|---|---|---|---|---|---|---|---|---|---|---|---|---|---|---|---|
| 17/08/2017 | 4 | 4 | 320.557 W555 | 100129297 | 05/06/2024 | Ej.1 | 03/02/2013 | Libro | DEWEY | Libro | Bodega | Bodega | 3er piso | 28/02/2013 | Compra | 45800.00 |